Grammar and language in Elizabethan and romantic literature / (Record no. 20780)
[ view plain ]
| 000 -LEADER | |
|---|---|
| fixed length control field | 00860nam a22002294a 4500 |
| 005 - DATE AND TIME OF LATEST TRANSACTION | |
| control field | 20050328093435.0 |
| 008 - FIXED-LENGTH DATA ELEMENTS--GENERAL INFORMATION | |
| fixed length control field | 030821s2004 wiua 001 0deng |
| 010 ## - LCCN (DPL NO) | |
| LC control number | ENG-92408 |
| 020 ## - INTERNATIONAL STANDARD BOOK NUMBER | |
| International Standard Book Number | 9788180435321 |
| Terms of availability | 400.00 |
| 035 ## - SYSTEM CONTROL NUMBER | |
| System control number | EN-75941 |
| 037 ## - SOURCE OF ACQUISITION | |
| Source of stock number/acquisition | DBAD / PUB |
| 040 ## - CATALOGING SOURCE | |
| Original cataloging agency | dpl |
| Language of cataloging | English |
| 082 ## - DEWEY DECIMAL CLASSIFICATION NUMBER | |
| Classification number | 880.8 |
| 100 ## - MAIN ENTRY--PERSONAL NAME | |
| Personal name | Paul, S.K. |
| 245 ## - TITLE STATEMENT | |
| Title | Grammar and language in Elizabethan and romantic literature / |
| Statement of responsibility, etc | by S.K. Paul |
| 260 ## - PUBLICATION, DISTRIBUTION, ETC. (IMPRINT) | |
| Place of publication, distribution, etc | Varanasi |
| Name of publisher, distributor, etc | Manish Parakashan |
| Date of publication, distribution, etc | 2007 |
| 270 ## - ADDRESS | |
| Address | Plot No. 26, Rohit Nagar, BHU |
| City | Varanasi |
| Postal code | 221005 |
| 300 ## - PHYSICAL DESCRIPTION | |
| Extent | 224p. |
| Dimensions | 23cm (Hb) |
| 500 ## - GENERAL NOTE | |
| General note | Includes bibliographical references |
| 942 ## - ADDED ENTRY ELEMENTS (KOHA) | |
| Source of classification or shelving scheme | Dewey Decimal Classification |
| Item type | English Books |
| Call number suffix | PAU |
| Classification part | 880.8 |
| Withdrawn status | Lost status | Source of classification or shelving scheme | Damaged status | Not for loan | Collection code | Home library | Current library | Date acquired | Source of acquisition | Cost, normal purchase price | Total Checkouts | Full call number | Barcode | Date last seen | Copy number | Cost, replacement price | Koha item type |
|---|---|---|---|---|---|---|---|---|---|---|---|---|---|---|---|---|---|
| Dewey Decimal Classification | Not For Loan | Non-fiction | D.B.Act.Division | D.B.Act.Division | 09/01/2009 | DBAB / PUB | 400.00 | 880.8 PAU | EN-75941 | 09/01/2009 | 1 | 400.00 | English Books |
